000 00502nam a22001697a 4500
003 0
005 20160609165949.0
008 101103t xxu||||| |||| 00| 0 eng d
040 _aBUAC
_cBEPAC
100 _aAblet, Evelyne L.
_910436
130 _lfr
_910437
245 _aEvaluation de la pratique du test de contrĂ´le ultime au lit du malade dans quatre centres hospitaliers de Cotonou.
260 _aUAC-EPAC
_bUAC-EPAC
_c2006
300 _aXIX-76p.
650 _aEVALUATION
_910438
942 _cTHE
999 _c48075
_d48075